000 00766nim a22002775 4500
001 BK0014137226
005 20241220141001.0
008 140603 eng
020 _a9780804122504 : CMD
_c$50.00
020 _a0804122504 : CMD
_c$50.00
037 _bListening Library, C/O Random House 400 Hahn rd, Westminster, MD, USA, 21157
_nSAN 201-3975
040 _erda
050 _aPZ
082 _aFIC
092 _aFIC
092 _aDASHNER
100 _aDashner, James
_95695054
245 0 4 _aThe Rule of Thoughts
260 _bListening Library
_c2014
264 _aUSA
_bListening Library
_c2014
300 _a8 CDs, 10 hours ;
942 _cAUDIOBOOK
_2ddc
999 _c110997
_d110997